| 000 | 00594cam a2200193 a 4500 | ||
|---|---|---|---|
| 001 | 000008803 | ||
| 005 | 20200929161418.0 | ||
| 008 | 931101s1989 cu 001 j spa d | ||
| 040 |
_aDO-SdBNP _cNN _dTxU _dDLC |
||
| 082 |
_aCu863.44 _bE96d |
||
| 100 | 1 |
_aExposito, Alejandro. _914071 |
|
| 245 | 1 | 0 |
_aDonde los guerreros / _cAlejandro Exposito. |
| 260 |
_aLa Habana, (Cuba) : _bLetras Cubanas, _c1989. |
||
| 300 |
_a83 p. ; _c18 cm. |
||
| 586 | _a"Premio cuento, 1986." | ||
| 650 | 4 |
_aCuentos cubanos _91482 |
|
| 650 | 4 |
_aLiteratura cubana _ySIGLO XX _99186 |
|
| 910 | _aCatalogación por copia / LC | ||
| 999 |
_c8572 _d8572 |
||